Φορτώνει......

Records of the botanical survey of India-Vol.3-No.1

Λεπτομέρειες βιβλιογραφικής εγγραφής
Κύριος συγγραφέας: AT Gage
Μορφή: Printed Book
Γλώσσα:Undetermined
Έκδοση: Delhi Periodical experts book agency 1904
Θέματα:
LEADER 00725nam a2200241Ia 4500
008 141004s9999 xx 000 0 und d
040 |c a 
041 |a English 
082 |a 580.723 
082 |b GAG/RE 
100 |a AT Gage 
245 |a Records of the botanical survey of India-Vol.3-No.1 
245 |c AT Gage 
260 |a Delhi 
260 |b Periodical experts book agency 
260 |c 1904 
300 |a 376 p.  
300 |b  24 cm 
501 |a 7A5  
650 |a Botanical survey 
942 |c BK 
999 |c 171583  |d 171583 
952 |0 0  |1 0  |4 0  |6 580_723000000000000_GAG_RE  |7 0  |9 176788  |a KAUCOF  |b KAUCOF  |o 580.723 GAG/RE  |p KAU_COF-1603  |r 2014-10-04  |w 2014-10-04  |y BK